Hauptstädte, die auf -stadt enden - Statistiken

Allgemein
  • Dieses Quiz wurde 186 mal gespielt
  • Das Durchschnittsergebnis liegt bei 4 aus 6
Antwortstatistiken
Kontinent Hauptstadt % Korrekt
Nordamerike Mexiko-Stadt
90%
Afrika Kapstadt
77%
Europa Vatikanstadt
77%
Nordamerika Guatemala-Stadt
73%
Nordamerika Panama-Stadt
73%
Asien Kuwait-Stadt
49%
Keine übereinstimmenden Quizze gefunden
Verteilung der Resultate
Anzahl Personen mit jedem Resultat
Perzentil nach korrekt beantworteten Fragen
Ihre Resultats-Entwicklung
Sie haben dieses Quiz noch nicht gespielt